000 00222 a2200097 4500
001 46239
100 _aFadiman, C
245 _aThe lifetime reading plan
260 _aLondon
_bEnglish University
_c
090 _c29353
_d29353
942 _aNUST-CAE
_cM
_c21506
999 _c281312
_d281312